A new topographical dictionary of ancient Rome
Αποθηκεύτηκε σε:
| Κύριος συγγραφέας: | |
|---|---|
| Μορφή: | Βιβλίο |
| Γλώσσα: | English |
| Δημοσίευση: |
Baltimore; London :
Johns Hopkins University Press,
c1992
|
| Θέματα: | |
| Ετικέτες: |
Προσθήκη ετικέτας
Δεν υπάρχουν, Καταχωρήστε ετικέτα πρώτοι!
|
MARC
| LEADER | 00000nam a2200000 i 4500 | ||
|---|---|---|---|
| 001 | 1/38189 | ||
| 008 | 030716s1992 eng d | ||
| 020 | |a 0-8018-4300-6 | ||
| 035 | |l 10070393 | ||
| 040 | |a GR-MY-UA |b gre |e aacr | ||
| 041 | 0 | |a eng | |
| 082 | 0 | |a 913.7003 |2 (20) | |
| 100 | 1 | |a Richardson, Lawrence. | |
| 245 | 1 | 2 | |a A new topographical dictionary of ancient Rome / |c L. Richardson, jr |
| 260 | |a Baltimore; London : |b Johns Hopkins University Press, |c c1992 | ||
| 300 | |a xxxiv, 458 σ.; |b εικ., χαρτ.; |c 29 εκ. | ||
| 504 | |a Περιέχει βιβλιογραφία | ||
| 651 | 0 | |a Rome (Italy) |x Buildings,structures, etc. |x Dictionaries. | |
| 852 | |a INST |b LESVOS |e 20030716 |h 913.7003 RIC |p 005100026626 |q 005100026626 |t REF |y 23 | ||
| 901 | |a BIBL1-2003-3 | ||
| 909 | |a Λ |b 105499 | ||
| 922 | |a 1ΕΛΗ |b 200307 |c ΤΑΚ/ΤΚΑ |d ΠΑΠΑΣΩΤΗΡΙΟΥ | ||
| 950 | |a 117-2002-09-27 | ||
| 970 | |a ΚΑΡΑ |b ΓΙΑΣΕΜΗ |z 2003/09/08 | ||